Spell the Marvel Character #375 - Statistics

General Stats
  • This quiz has been taken 14 times
  • The average score is 10 of 14
Answer Stats
Picture Answer % Correct
Howard the Duck
93%
Nova
93%
Old Man Logan
93%
Agent Venom
86%
Thor (Jane Foster)
86%
Emma Frost
79%
Luke Cage
79%
Namor the Sub-Mariner
79%
Outlaw
79%
Blink
50%
Pixie
50%
Blonde Phantom
43%
Darkstar
43%
Marionette
43%
No matching quizzes found
Score Distribution
Percent of People with Each Score
Percentile by Number Answered
Your Score History
You have not taken this quiz